Gaming Quiz

Random Gaming or Video Games Quiz

Bloons Tower Defense 6 Towers Quiz Stats

 Plays Quiz not verified by Sporcle

Score 0/20 Timer 10:00
0 Plays Today
Hint Answer % Correct
PrimaryDart Monkey
100%
PrimaryBoomerang Monkey
90%
PrimaryBomb Shooter
80%
MilitaryHeli Pilot
80%
MagicWizard Monkey
80%
MagicSuper Monkey
80%
MagicAlchemist
80%
SupportBanana Farm
80%
PrimaryTack Shooter
70%
PrimaryIce Monkey
70%
Hint Answer % Correct
PrimaryGlue Gunner
70%
MilitaryMonkey Sub
70%
MilitaryMonkey Buccaneer
70%
MilitaryMonkey Ace
70%
SupportSpike Factory
70%
SupportMonkey Village
70%
MilitarySniper Monkey
60%
MilitaryMortar Monkey
60%
MagicNinja Monkey
60%
MagicDruid
60%

You're not logged in!

Compare scores with friends on all Sporcle quizzes.
OR
Log In

Show Comments

Extras

Top Quizzes Today


Score Distribution

Your Account Isn't Verified!

In order to create a playlist on Sporcle, you need to verify the email address you used during registration. Go to your Sporcle Settings to finish the process.

Report this User

Report this user for behavior that violates our Community Guidelines.

Details: